Cargando...

Ideas for development /

Detalles Bibliográficos
Autor Principal: Chambers, Robert
Idioma:Undetermined
Publicado: London : Earthscan , 2007.
Subjects:
LEADER 00576nam a2200169Ia 4500
001 154575
008 170722s9999 xx 000 0 und d
020 |a 1844070883 
100 |a Chambers, Robert 
245 |a Ideas for development / 
260 |a London :  |b Earthscan ,  |c 2007. 
300 |a Ppxxviii+259 
653 |a Economic Development 
923 |d 20071213  |n MBC-2118/0 
942 |c GEN 
999 |c 136372  |d 136372 
952 |0 0  |1 0  |4 0  |6 X_89ZB_1_000000000000000_P7  |7 0  |9 192489  |a LIB  |b LIB  |d 2013-03-25  |e Modern Book Centre  |l 2  |o X:89ZB.1 P7  |p 266480  |r 2017-11-20  |s 2017-10-20  |v 895.00  |w 2017-08-12  |y GEN